Statistics for Star wars Movie Quiz

Click here to take the quiz!

General Stats

  • This quiz has been taken 33 times
    (26 since last reset)
  • The average score is 6 of 9

Answer Stats

HintAnswer% Correct
The first star wars movie ever made in 1977A new hope
100%
The beginning of the Clone WarsAttack of the Clones
77%
When Darth Vader and the Evil emperor gets defeatedReturn of the Jedi
77%
General Grievous' Only appearance in Star Wars moviesRevenge of the Sith
77%
Visted Hoth and Cloud city and Battle Boba FettThe Empire Strikes Back
73%
The further adventures of 2015The Force Awakens
73%
Episode 1 of star warsThe Phantom Menace
73%
Special movie came out in 2008The Clone wars
45%
Coming in 2017Star wars Episode 8
36%

Score Distribution

Percentile by Number Answered

Percent of People with Each Score

Your Score History

You have not taken this quiz since the last reset